000 02151nam0a2200373 4500
001 RU\NLR\bibl\1121129
005 20250615064858.0
010 _a978-5-91131-420-0
_92000
021 _aRU
_b2007-46833
_92490
035 _a(nilc)RSL-KNO-003145870
035 _a(NLR Aleph) 001108103
090 _a1220714
_c1220714
100 _a20070718d2007 |||y0rusy50 ca
101 0 _arus
102 _aRU
105 _aa |||||||||
200 1 _aТовароведение и биохимия рыбных товаров
_eучебное пособие
_eдля студентов высших учебных заведений, обучающихся по специальности "Товароведение и экспертиза товаров" (по областям применения)
_fБ.Т. Репников
_gИзд.-торг. корпорация "Дашков и К°"
210 _aМосква
_cДашков и К°
_d2007
215 _a218,[1] с.
_d20
320 _aБиблиогр.: с. 217-219 (42 назв.)
606 1 _aРыбные пищевые продукты
_jУчебные издания для высших учебных заведений
_xБиохимия
_92484256
_3RU\NLR\auth\661474496
606 1 _aРыбные пищевые продукты
_jУчебные издания для высших учебных заведений
_xТовароведение
_92213719
_3RU\NLR\auth\661329715
610 0 _aПищевые производства -- Производство рыбы и рыбных продуктов -- Учебник для высшей школы
610 0 _aПищевые производства -- Консервное производство -- Производство рыбных консервов и пресервов -- Учебник для высшей школы
686 _aЛ94я73-1
_2rubbk
686 _aЛ964я73-1
_2rubbk
686 _aЛ94-13я73-1
700 1 _aРепников
_bБ. Т.
_4070
801 0 _aRU
_bРКП
_c20070718
_grcr
801 1 _aRU
_bРГБ
_c20070718
801 2 _aRU
_bNLR
_c20070827
_grcr
942 _cBOOK
980 _aNB